| LEADER |
00926nam0a2200229 450 |
| 001 |
16822037 |
| 010 |
|
|
|a 978-2-02-099284-8
|b rel.
|d 13
|
| 100 |
|
|
|a 20091217d2026 u u0frey01 ba
|
| 101 |
0 |
|
|a fre
|
| 102 |
|
|
|a FR
|
| 200 |
0 |
|
|a pot magique (Le)
|f Gilles Bizouerne, Marc Daniau
|
| 207 |
|
1 |
|a
|
| 210 |
|
|
|a [Paris]
|c Seuil jeunesse
|d DL 2009
|
| 215 |
|
|
|a 1 vol. (non paginé [14] p. dont [2] p. de dépl.)
|c ill. en coul., couv. ill. en coul.
|d 35 cm
|
| 225 |
1 |
|
|a Petits contes du tapis
|x 1956-6247
|
| 330 |
|
|
|a Un pauvre paysan travaillait dans osn champs... Il donnait des coups de pioche dans la terre, tout à coup, il trouve un grand pot, un pot pas très beau...
|
| 608 |
|
|
|a Contes coréens
|
| 700 |
|
0 |
|a Bizouerne
|b Gilles
|f 1978-....
|4 70
|
| 701 |
|
0 |
|a Daniau
|b Marc
|f 1964-....
|4 440
|
| 900 |
|
|
|a Conte
|
| 901 |
|
|
|a Jeunesse
|
| 995 |
|
|
|a Médiathèque
|c Médiathèque
|f 089010798
|h 089010798
|k C DAN
|o p
|q j
|r az
|e Médiathèque
|